000 01035cam a22002055a 4500
001 L138025
008 070511s2006 xxk f 000 0 eng d
020 _a090378355X
035 _a(Sirsi) u138025
041 0 _aeng
050 0 4 _a697 $2 18
110 2 _aHeating and Ventilating Contractors' Association
_92543
245 0 0 _aMothballing and re-commissioning of buildings
_bguide to good practice
250 _a1st ed.
260 _aHCVA
_c2006
520 _aProvides a best practice guide for shutdown procedures for building services plant, covering the safety and security of the property, interim maintenance and eventual re-commissioning to full function. Areas considered include compressed air systems, ventilation, cooling, electrical, fire alarms, plumbing, heating, water hygiene services, emergency lighting, chilled water systems and oil and gas supply.
651 4 _aUnited Kingdom
_y
690 _aBUILT ENVIRONMENT-BUILDING SERVICES-BUILDING SERVICES ENGINEERING-HEATING AND VENTILATION ENGINEERING
942 _n0
999 _c106976
_d106976